Lettres spirituelles
Gardado en:
| Autor Principal: | |
|---|---|
| Formato: | Libro |
| Idioma: | francés |
| Publicado: |
París
Desclée de Brouwer
1962
|
| Edición: | 1a. ed |
| Series: | Collection Christus, 8
|
| Subjects: | |
| Tags: |
Engadir etiqueta
Sen Etiquetas, Sexa o primeiro en etiquetar este rexistro!
|
MARC
| LEADER | 00000cam a2200000 a 4500 | ||
|---|---|---|---|
| 001 | UCC6490 | ||
| 003 | CL-VaPUC | ||
| 008 | 181213e19620000fr |||||||||||||||||fre|d | ||
| 082 | 0 | 4 | |a 262.3 |b CAU |2 21 |
| 100 | 0 | |a Caussade, Jean-Pierre de |e author |9 600955 | |
| 245 | 1 | 0 | |a Lettres spirituelles |
| 250 | |a 1a. ed | ||
| 300 | |a v | ||
| 942 | |c BK | ||
| 945 | |d 20181213 14:55:00 |a dcastane | ||
| 260 | |a París |b Desclée de Brouwer |c 1962 | ||
| 650 | 7 | |a CARTAS PASTORALES |2 CL-VaPUC |9 600956 | |
| 583 | |a last modification |c 20181213 14:55:00 |k Rodrigo Vera | ||
| 490 | 0 | |a Collection Christus, 8 | |
| 999 | |c 373431 |d 373429 | ||
| 952 | |0 0 |1 0 |3 erb |4 0 |6 262_300000000000000_CAU_1962 |7 0 |8 A |9 491532 |a BIBTEO |b BIBTEO |e Precht Pizarro, Jorge Enrique |h v.1 |i 5520886 |o 262.3 CAU 1962 |p 5520886 |r 2025-01-17 |w 2019-11-24 |y BK |z Catalogado en:20181213 |k ICR | ||